Σέρλοκ Χόλμς. Το σήμα των τεσσάρων
Αποθηκεύτηκε σε:
| Κύριος συγγραφέας: | |
|---|---|
| Άλλοι συγγραφείς: | |
| Μορφή: | Βιβλίο |
| Γλώσσα: | Greek English |
| Δημοσίευση: |
Αθήνα :
Αγρα,
1983.
|
| Θέματα: | |
| Ετικέτες: |
Προσθήκη ετικέτας
Δεν υπάρχουν, Καταχωρήστε ετικέτα πρώτοι!
|
MARC
| LEADER | 00000cam a2200000 i 4500 | ||
|---|---|---|---|
| 001 | 1/54372 | ||
| 008 | 941103s1983 gr | ||| |||| ||gre|| | ||
| 035 | |a 1994 |c ΒΙΒΛΙΟΘΗΚΗ |l 10044976 | ||
| 040 | |a GR-MyUA |b gre |e AACR2 | ||
| 041 | 0 | |a gre |h eng | |
| 082 | 0 | |a 823. | |
| 100 | 1 | |a Doyle, Arthur Conan, |d 1859-1930. | |
| 245 | 1 | 0 | |a Σέρλοκ Χόλμς. Το σήμα των τεσσάρων / |c Sir Arthur Conan Doyle ; μετάφραση Αννα Αντωνίου. |
| 260 | |a Αθήνα : |b Αγρα, |c 1983. | ||
| 300 | |a 217 σ. ; |c 17 εκ. | ||
| 650 | 0 | 0 | |a English fiction. |
| 700 | 1 | |a Αντωνίου, Αννα, |e trlf | |
| 852 | |a INST |b SAMOS |e 19941103 |h 823 DOY |p 005300006542 |q 005300006542 |t BK |y 0 | ||
| 909 | |a Σ |b 034719 | ||